000 02071nam0a2200385 4500
001 RU\NLR\bibl\1815626
005 20250616155114.0
010 _a978-5-9552-0397-3
_9200
021 _aRU
_b2011-67472
_94761
035 _a(nilc)RSL-KNO-004998546
035 _a(NLR Aleph) 001806213
090 _a1811287
_c1811287
100 _a20110830d2011 |||y0rusy50 ca
101 0 _arus
102 _aRU
105 _ay |||||||||
200 1 _aАктуальные проблемы и направления совершенствования профессионального психологического отбора в органах внутренних дел
_eучебно-методическое пособие
_fГ. В. Шутко, Н. И. Мягких, М. А. Бельченко
_gМВД России, Федеральное гос. образовательное учреждение доп. проф. образования "Всероссийский ин-т повышения квалификации сотрудников МВД России"
210 _aДомодедово, Московская обл.
_cВИПК МВД России
_d2011
215 _a190 с.
_cтабл.
_d21
320 _aБиблиогр.: с. 177-184 (118 назв.) и в подстроч. примеч.
606 1 _aОрганы внутренних дел
_jУчебно-методические пособия
_xКадры
_xПодбор
_xПсиходиагностика
_92441729
_3RU\NLR\auth\661452534
686 _aЮ941.19я73-14
_2rubbk
686 _aХ621.163.01-7,07
_2rubbk
686 _aХ621.163.01я7
686 _aЮ947.29в6я7
700 1 _aШутко
_bГ. В.
_gГеннадий Викторович
_4070
701 1 _aМягких
_bН. И.
_gНиколай Иванович
_4070
701 1 _aБельченко
_bМ. А.
_gМария Анатольевна
_4070
801 0 _aRU
_bRuMoRKP
_c20110830
_grcr
801 1 _aRU
_bРГБ
_c20110830
801 2 _aRU
_bNLR
_c20111004
_grcr
942 _cBOOK
980 _aNB
980 _aNBR